Information technology for energy managers / (Record no. 599643)
[ view plain ]
| 000 -LEADER | |
|---|---|
| fixed length control field | 00310nam a2200109Ia 4500 |
| 008 - FIXED-LENGTH DATA ELEMENTS--GENERAL INFORMATION | |
| fixed length control field | 230907s9999||||xx |||||||||||||| ||und|| |
| 082 ## - DEWEY DECIMAL CLASSIFICATION NUMBER | |
| Classification number | 658.26 |
| Author Mark | CAP |
| 100 ## - MAIN ENTRY--PERSONAL NAME | |
| Personal name | Capehart, Barney |
| 9 (RLIN) | 118030 |
| 245 ## - TITLE STATEMENT | |
| Title | Information technology for energy managers / |
| Statement of responsibility, etc. | Barney Capehart. |
| 260 ## - PUBLICATION, DISTRIBUTION, ETC. | |
| Date of publication, distribution, etc. | 2019-09-27 |
| 942 ## - ADDED ENTRY ELEMENTS (KOHA) | |
| Source of classification or shelving scheme | |
| Koha item type | E-Books |
| Withdrawn status | Lost status | Source of classification or shelving scheme | Damaged status | Not for loan | Permanent Location | Current Location | Date acquired | Total Checkouts | Full call number | Barcode | Date last seen | Price effective from | Koha item type |
|---|---|---|---|---|---|---|---|---|---|---|---|---|---|
| US-Pakistan Center for Advanced Studies in Energy (USPCAS-E) | US-Pakistan Center for Advanced Studies in Energy (USPCAS-E) | 09/19/2023 | 658.26 CAP | CAS-E0003742 | 09/19/2023 | 09/19/2023 | E-Books |
